LEADER 04133nam 2200889Ia 450 001 9910974486403321 005 20241226111256.0 010 $a9780803979628 010 $a0803979622 010 $a9781446265178 010 $a144626517X 010 $a9781283881371 010 $a1283881373 010 $a9781446231548 010 $a1446231542 035 $a(CKB)2550000000103807 035 $a(EBL)1023987 035 $a(OCoLC)827617330 035 $a(SSID)ssj0000657114 035 $a(PQKBManifestationID)11446777 035 $a(PQKBTitleCode)TC0000657114 035 $a(PQKBWorkID)10636053 035 $a(PQKB)10127100 035 $a(MiAaPQ)EBC1023987 035 $a(OCoLC)1007859416 035 $a(StDuBDS)EDZ0000063796 035 $a(Au-PeEL)EBL1023987 035 $a(CaPaEBR)ebr10567035 035 $a(CaONFJC)MIL419387 035 $a(OCoLC)797835649 035 $a(FINmELB)ELB133614 035 $a(PPN)238400468 035 $a204733 035 $a(FR-PaCSA)88869180 035 $a(FRCYB88869180)88869180 035 $a(EXLCZ)992550000000103807 100 $a19940928d1995 uy 0 101 0 $aeng 135 $aur||||||||||| 181 $ctxt$2rdacontent 182 $cc$2rdamedia 183 $acr$2rdacarrier 200 00$aLocal commons and global interdependence $eheterogeneity and cooperation in two domains /$fedited by Robert O. Keohane and Elinor Ostrom 210 $aLondon ;$aThousand Oaks, Calif. $cSage Publications$d1995 210 1$aLondon ;$aThousand Oaks, Calif. :$cSage Publications,$d1995. 215 $a1 online resource (viii, 261 pages) $cillustrations 300 $a"Published under the auspices of the Center for International Affairs, Harvard University." 300 $a"Previously published as a special issue of the Journal of theoretical politics, vol. 6 (1994), no. 4". 311 0 $a9781446222010 311 0 $a1446222012 311 0 $a9780803979635 311 0 $a0803979630 320 $aIncludes bibliographical references and index. 327 $aCover; Contents; Notes on Contributors; Chapter 1 - Introduction; Part I - Theoretical Puzzles; Chapter 2 - The Problem of Scale in Human/Environment Relationships; Chapter 3 - The Politics of Scope: Endogenous Actors, Heterogeneity and Institutions; Chapter 4 - Heterogeneity, Linkage and Commons Problems; Part II - Evidence from the Laboratory; Chapter 5 - Heterogeneities, Information and Conflict Resolution: Experimental Evidence on Sharing Contracts; Part III - Evidence from the Field; Chapter 6 - Constituting Social Capital and Collective Action 327 $aChapter 7 - The Conditions for Successful Collective Action Chapter 8 - Self-interest and Environmental Management; Chapter 9 - Heterogeneities at Two Levels: States, Non-state Actors and Intentional Oil Pollution; Index 330 8 $aThis volume offers a synthesis of what is known about very large and very small common-pool resources. At an international level, states cannot appeal to authoritative hierarchies to enforce agreements they make to cooperate with one another. In some small-scale settings, participants may be just as helpless in calling on distant public officials to monitor and enforce their agreements. 606 $aInternational cooperation 606 $aEnvironmental protection$xInternational cooperation 606 $aCommons 606 $aNatural resources, Communal 606 $aCommunication in international relations 615 0$aInternational cooperation. 615 0$aEnvironmental protection$xInternational cooperation. 615 0$aCommons. 615 0$aNatural resources, Communal. 615 0$aCommunication in international relations. 676 $a333.717 701 $aKeohane$b Robert O$g(Robert Owen),$f1941-$0267058 701 $aOstrom$b Elinor$0120863 712 02$aHarvard University.$bCenter for International Affairs. 801 0$bMiAaPQ 801 1$bMiAaPQ 801 2$bMiAaPQ 906 $aBOOK 912 $a9910974486403321 996 $aLocal commons and global interdependence$94341082 997 $aUNINA LEADER 01327nas 2200433 c 450 001 9910894524903321 005 20260218111208.0 024 7 $aurn:nbn:de:hebis:43:epflicht-8627 035 $a(CKB)3790000000115922 035 $a(OCoLC)1184378713 035 $a(OCoLC)643678320 035 $a(DE-101)992968410 035 $a(DE-599)ZDB2482722-8 035 $a(DE-599)2482722-8 035 $a(EXLCZ)993790000000115922 100 $a20090303a20069999 |y | 101 0 $ager 135 $aur||||||||||| 181 $ctxt$2rdacontent 182 $cc$2rdamedia 183 $acr$2rdacarrier 200 10$aStatistische Berichte / Hessisches Statistisches Landesamt$hE$hIV$h1$hEIV2 mit EIV3$iEnergieversorgung in Hessen 210 31$aWiesbaden$cHessisches Statistisches Landesamt$d2006- 215 $aOnline-Ressource 225 0 $aStatistik Hessen 300 $aGesehen am 30.10.2012 311 08$a1430-0796 517 $aStatistische Berichte / E / 4 / 1 / E 4 2 / E 4 3 517 1 $aStatistische Berichte / E / 4 / 1 / E 4 2, E 4 3 608 $aZeitschrift$2gnd-content 608 $aStatistik$2gnd-content 676 $a330 801 0$b0030 801 1$bDE-101 801 2$b9001 906 $aJOURNAL 912 $a9910894524903321 996 $aStatistische Berichte$91920339 997 $aUNINA